00626nam a2200205Ia 4500003000500000008004100005020001800046040001900064082000700083100002100090245005800111250000600169260005400175300001000229365000800239546001200247942001600259999001700275952012800292STCL221019s9999 xx 000 0 und d a9789352134755 aSTCLcSTCLbEN 222 aDowney, Allen B. 0aThink python: how to think like a computer sceientist a2 bShroff Publishers & DistributorsaBangalorec2019 a268 P b670 aEnglish cBK2DDCe22 c88291d88291 00102DDC4070aSTCALbSTCALcGENd0000-00-00l7m3o005.133 DOW-Tp97157r2026-06-29 14:47:51s2026-06-15w2022-10-19yBK